000 00734aas a2200205 4500
003 BR-BrBNA
005 20241220100437.0
007 ta
008 230119b bl ||||| |||| 00| 0 por d
035 _a000485-5
040 _aBR-BrBNA
_bPor
_cBR-BrBNA
042 _aN
044 _abl
245 _aLeite DPA (Brazil)
260 _aGoiânia-GO
_bDPA - Dairy Partners Americas Manufacturing Brasil Ltda
_c2003
_eBGO
270 _aAv. Anhanguera, 14.841 - Setor Santos Dumont - Cep: 74463-350
310 _amensal
505 _a2003 3(32-34); 2004 4(35-46); 2005 5 (47-58); 2006 6 (59-65,67-70); 2007 7 (71-81); 2008 8 (82-93); 2009 9 (94-102); 2010 10 (103-113); 2010/2011 11(114); 2012 12 (114,121); 2012 12(122-123);
942 _cCR
_2AGRIS
999 _c4289
_d4289